000 00571nam a22001817a 4500
003 MPLRDC
005 20220104203733.0
008 210129b ||||| |||| 00| 0 eng d
020 _a978-986-5971-00-7
082 _a191 JBS-6
100 _a江本胜
245 _a水知道答案[终结版]
_c陈涤 译
260 _a台湾
_b悦读名品出版有限公司
_c2012
300 _b
520 _a新书上架 2018-09-16。 2018-05-25 彩色/铅笔标记--pg.部分页面。 2019-01-31 弄损--pg.尾页上方。
650 _a人生哲学
942 _cBK
_o191 JBS-6
999 _c68269
_d68259